000 00691nam a2200289Ia 4500
005 20260324144512.0
008 008 260324s9999 xx 000 0 eng d
020 _a9780429312083
037 _aEBOOK
040 _aCRL
040 _beng
040 _cCRL
041 _2eng
041 _aeng
084 _qCRL
100 _aRonald J Hrebenar
_91219559
245 4 _aThe Japanese Party System
245 0 _bFrom One-party Rule To Coalition Government
260 _bTaylor and Francis
260 _c1987
365 _a
365 _b220
856 _uhttp://www.taylorfrancis.com/books/9780429312083
942 _cEBOOK
999 _c1826249
_d1826249